[Event "Superettan(Rockaden,Sthlm II-Manhem)"]
[Site "?"]
[Date "2015.03.22"]
[Round "9"]
[White "Bit-Narva, David"]
[Black "Welin, Mats"]
[Result "0-1"]
[WhiteElo "2117"]
[BlackElo "2324"]
[PlyCount "52"]

1. d4 Nf6 2. Nc3 d5 3. Bg5 Nbd7 4. f3 c6 5. e4 dxe4 6. fxe4 e5 7. Nf3 exd4 8.
Qxd4 Bc5 9. Qd2 h6 10. Bh4 Qa5 11. Bc4 O-O 12. e5 Ng4 13. e6 Nde5 14. Nxe5 Nxe5
15. e7 Bxe7 16. Bxe7 Nxc4 17. Qe2 Nxb2 18. O-O Re8 19. Ne4 Qe5 20. Qf2 Rxe7 21.
Rae1 Be6 22. Qh4 Qd4+ 23. Kh1 Rd7 24. Rf3 f5 25. Rf4 fxe4 26. Rfxe4 Qf6 0-1

[Event "Superettan(Rockaden,Sthlm II-Manhem)"]
[Site "?"]
[Date "2015.03.22"]
[Round "9"]
[White "Fendrich, David"]
[Black "Heden, Gustav"]
[Result "1-0"]
[WhiteElo "2182"]
[BlackElo "2038"]
[PlyCount "229"]

1. g3 g6 2. Bg2 Bg7 3. c4 e6 4. Nc3 Ne7 5. e4 c5 6. Nge2 Nbc6 7. d3 O-O 8. O-O
Nd4 9. Nxd4 cxd4 10. Ne2 d5 11. exd5 exd5 12. Bg5 dxc4 13. dxc4 h6 14. Bxe7
Qxe7 15. Nf4 Bd7 16. Bxb7 Rab8 17. Bd5 Rxb2 18. Nxg6 Qf6 19. Nxf8 Bxf8 20. Qf3
Qxf3 21. Bxf3 d3 22. Be4 Bc5 23. Kg2 d2 24. Rfb1 d1=Q 25. Rxd1 Rxf2+ 26. Kh1
Be6 27. Bd5 Bh3 28. a4 a5 29. Rab1 Bb4 30. Rdc1 Rd2 31. Re1 Kg7 32. Re3 Bc5 33.
Ree1 Bb4 34. Re8 Rf2 35. Ra8 Bf5 36. Rc1 Bd2 37. Rd1 Bc2 38. Ra1 Bc3 39. Rc1
Bb4 40. Ra7 Bxa4 41. c5 Rf5 42. Be4 Re5 43. Bf3 Bxc5 44. Rxa5 Be3 45. Rxe5 Bxc1
46. Kg2 Bb3 47. h4 Kf6 48. Rb5 Be6 49. Be4 Be3 50. Kf3 Bd2 51. Bc6 Bc1 52. Ke4
Bd2 53. Kf3 Bc1 54. g4 Bd2 55. Rb1 Ba5 56. Be4 Bd2 57. Rd1 Bb4 58. Bd5 Bxd5+
59. Rxd5 Kg6 60. Kg3 Be7 61. Rd7 Bb4 62. Rb7 Be1+ 63. Kh3 Bf2 64. Rc7 Be3 65.
Rc3 Bd2 66. Rc6+ Kg7 67. Ra6 Bc1 68. Kg3 Bd2 69. Kf2 Bf4 70. Kf3 Bd2 71. Ra1
Kg6 72. Ke4 Bb4 73. Ra6+ Kg7 74. Kf5 Be1 75. h5 Bd2 76. Rc6 Be3 77. Ke5 Bd2 78.
Kd5 Bf4 79. Kc5 Be3+ 80. Kb5 Kf8 81. Kc4 Ke7 82. Kd3 Bg5 83. Ke4 Bd2 84. Kf5
Kf8 85. Rc8+ Kg7 86. Ke5 Be3 87. Ra8 Bd2 88. Ra6 Bc1 89. Kd6 Kf6 90. Ra5 Bf4+
91. Kd7 Be5 92. Rb5 Bc3 93. Rf5+ Kg7 94. Ke8 f6 95. Ke7 Bd2 96. Ke6 Bg5 97. Rb5
Kf8 98. Rb8+ Kg7 99. Rb7+ Kf8 100. Kf5 Kg8 101. Kg6 Kf8 102. Rf7+ Kg8 103. Rxf6
Bxf6 104. Kxf6 Kh7 105. Kf7 Kh8 106. Kg6 Kg8 107. Kxh6 Kh8 108. Kg6 Kg8 109.
Kf6 Kf8 110. g5 Kg8 111. g6 Kf8 112. g7+ Kg8 113. h6 Kh7 114. Kf7 Kxh6 115.
g8=Q 1-0

[Event "Superettan(Rockaden,Sthlm II-Manhem)"]
[Site "?"]
[Date "2015.03.22"]
[Round "9"]
[White "Backman, Michael"]
[Black "Berggren Torell, Harald"]
[Result "1-0"]
[WhiteElo "2016"]
[BlackElo "2189"]
[PlyCount "163"]
[EventDate "2015.??.??"]

1. d4 d6 2. e4 Nf6 3. Nd2 g6 4. Ngf3 Bg7 5. Bc4 Nc6 6. c3 O-O 7. Bb3 a6 8. O-O
Nd7 9. Nc4 b5 10. Ne3 Nb6 11. Re1 Na5 12. Bc2 c5 13. b3 Nc6 14. Bb2 Bb7 15. a3
Rc8 16. h3 e6 17. Qd2 Qc7 18. Rac1 Bh6 19. Rcd1 Rfd8 20. Re2 a5 21. Qe1 Bg7 22.
g3 a4 23. b4 Ne7 24. Bd3 c4 25. Bc2 h6 26. Nh2 Rf8 27. Bc1 Rce8 28. Ng2 Nd7 29.
Ng4 Kh7 30. h4 e5 31. f4 exd4 32. cxd4 Ng8 33. e5 Bf3 34. N2e3 f5 35. Nh2 Bxe2
36. Qxe2 Nb6 37. h5 Ne7 38. hxg6+ Kg8 39. Qh5 Nbd5 40. Bxf5 Nxf5 41. Nxf5 dxe5
42. fxe5 Rxf5 43. Qxf5 Qe7 44. Ng4 Rf8 45. Qh5 Nc3 46. Re1 Qd7 47. Be3 Rf5 48.
Nxh6+ Bxh6 49. Qxh6 Qg7 50. g4 Rf3 51. Kg2 Rf8 52. Qxg7+ Kxg7 53. Rh1 Rc8 54.
Rh7+ Kxg6 55. Rb7 Rc6 56. Kf3 Rc8 57. Rd7 Na2 58. d5 c3 59. Rb7 c2 60. Rxb5 Rc3
61. Rb6+ Kg7 62. Rb7+ Kf8 63. Ke4 Rxe3+ 64. Kf5 Rf3+ 65. Kg6 c1=Q 66. Rb8+ Ke7
67. d6+ Ke6 68. Re8+ Kd5 69. d7 Qc6+ 70. e6 Qc2+ 71. Kg7 Qc7 72. Kg8 Rxa3 73.
Rc8 Qb6 74. d8=Q+ Qxd8+ 75. Rxd8+ Kxe6 76. b5 Rb3 77. g5 a3 78. g6 Rxb5 79. g7
Nb4 80. Rd1 Nc6 81. Re1+ Kd7 82. Kh7 1-0

[Event "Superettan(Rockaden,Sthlm II-Manhem)"]
[Site "?"]
[Date "2015.03.22"]
[Round "9"]
[White "Outgajjouft, Said"]
[Black "Hanoman, Tony"]
[Result "1/2-1/2"]
[WhiteElo "2172"]
[BlackElo "1971"]
[PlyCount "60"]

1. e4 c5 2. Nc3 Nc6 3. f4 g6 4. Nf3 Bg7 5. Bb5 Nd4 6. O-O Nxb5 7. Nxb5 Nf6 8.
d3 O-O 9. Qe1 d6 10. h3 e6 11. Nc3 d5 12. e5 Ne8 13. Qg3 Bd7 14. Nd1 b5 15. c3
a5 16. Be3 Qc7 17. a3 c4 18. Qf2 f6 19. Bc5 Rf7 20. d4 Bf8 21. Bxf8 Rxf8 22.
exf6 Nxf6 23. Ne5 Ne4 24. Qe3 b4 25. Nf2 Nxf2 26. Rxf2 bxc3 27. Qxc3 Rab8 28.
Nxd7 Qxd7 29. Qxa5 Qd6 30. Qd2 Rb3 1/2-1/2

[Event "Superettan(Rockaden,Sthlm II-Manhem)"]
[Site "?"]
[Date "2015.03.22"]
[Round "9"]
[White "Darnell, Anton"]
[Black "Andersson, Goran"]
[Result "1-0"]
[WhiteElo "1806"]
[BlackElo "2161"]
[PlyCount "49"]

1. d4 Nf6 2. c4 g6 3. Nf3 Bg7 4. g3 O-O 5. Bg2 d6 6. O-O Nc6 7. Nc3 a6 8. Bf4
Bd7 9. Rc1 b5 10. Nd5 bxc4 11. Nxf6+ Bxf6 12. Rxc4 Rb8 13. Qd2 Rb6 14. Rfc1 Qb8
15. b3 Rc8 16. e4 Na7 17. e5 Bg7 18. d5 Nb5 19. e6 fxe6 20. Bh3 Qb7 21. Rc6 Rd8
22. a4 Rxc6 23. dxc6 Bxc6 24. Bxe6+ Kf8 25. Bh6 1-0